00475nam a2200085Ia 4500008004100000245003200041300024100073650001600314856005900330170517s9999 xx 000 0 und d aCancer: The Forbidden Cures aCancer claims the lives of thousands of Americans every day, but it also results in tens of billions of dollars in revenue for the medical and pharmaceutical industries. Why would these industries champion a cure for the disease when... xTechnology. uhttp://topdocumentaryfilms.com/cancer-forbidden-cures/